Statistics for Guess the emo band by songname

Click here to take the quiz!

General Stats

  • This quiz has been taken 68 times
  • The average score is 3 of 15

Answer Stats

SongnameEmo Band% Correct
King For A DayPierce The Veil
81%
TruceTwenty One Pilots
37%
JoyridingFrank Iero and The Cellabration
34%
It Never EndsBring Me The Horizon
31%
Kill The DJGreen Day
29%
This Is WarThirty Seconds To Mars
27%
This is the best day ever!My Chemical Romance
24%
CoffinBlack Veil Brides
19%
You only live onceSuicide Silence
18%
This Christmas (I'll Burn It To The Ground)Set It Off
11%
Die For The HypeYUNGBLUD
11%
Professional GriefersDeadmau5
10%
ClocksOceans Ate Alaska
2%
You call that a knife? This is a knife!Capture The Crown
0%
War PaintSenses Fail
0%

Score Distribution

Percentile by Number Answered

Percent of People with Each Score

Your Score History

You have not taken this quiz